Monarchs of the USSR - Statistics

General Stats
  • This quiz has been taken 21 times
  • The average score is 6 of 8
Answer Stats
Reign Monarch % Correct
1924-1953 Joseph I
100%
1922-1924 Vladimir I
100%
1953-1964 Nikita I
94%
1962-1982 Leonid I
88%
1982-1984 Yuri I
81%
1985-1991 Mikhail I
75%
1984-1985 Konstantin I
63%
1953 Georgy I
44%
No matching quizzes found
Score Distribution
Percent of People with Each Score
Percentile by Number Answered
Your Score History
You have not taken this quiz